000 00330nam a2200133Ia 4500
008 220204s9999 xx 000 0 und d
082 _a681.31LAN
_bSAS
100 _aMcLaughlin, Robert
245 0 _aFix your own LAN
250 _aEd.2
260 _aNew Delhi
_bBPB Publications
_c1994
700 _aSasser, Susan B
942 _cBK
999 _c41219
_d41219